| 000 | 00644cam a2200205 i 4500 | ||
|---|---|---|---|
| 020 | _a9781138230194 (pbk) | ||
| 020 | _z9781315386669 (ebk) | ||
| 082 | 0 | 0 | _a340.072 |
| 245 | 0 | 0 |
_aResearch methods in law / _cedited by Dawn Watkins and Mandy Burton. |
| 250 | _aSecond edition. | ||
| 300 |
_aix, 247 pages ; _c25 cm |
||
| 504 | _aIncludes bibliographical references and index. | ||
| 650 | 0 |
_aLegal research. _983463 |
|
| 700 | 1 |
_aWatkins, Dawn _983464 |
|
| 700 | 1 |
_aBurton, Mandy, _983465 |
|
| 942 |
_2ddc _cBK |
||
| 999 |
_c586608 _d586608 |
||